Saúde e segurança do trabalho : (Record no. 805)

MARC details
000 -LÍDER
Campo Fixo de Controle 01009nam a2200289 a 4500
001 - NÚMERO DE CONTROLE
Campo de Controle 805
003 - IDENTIFICAÇÃO DO NÚMERO DE CONTROLE
Campo de Controle BR-CuiBMT
005 - DATA E HORA DA ÚLTIMA ATUALIZAÇÃO
Campo de Controle 20231129161601.0
008 - DADOS FIXOS
Dados Fixos 231117b2017 dfba 000 0 por d
020 ## - INTERNATIONAL STANDARD BOOK NUMBER
Nº do ISBN 9788595270206
040 ## - AGÊNCIA CATALOGADORA
Código da Agência Catalogadora BR-CuiBMT
Agência que transcreveu o registro BR-CuiBMT
080 ## - Nº DA CLASSIFICAÇÃO DECIMAL UNIVERSAL
Nº Class. CDU 331.45
Nº edição CDU 2007
090 ## - NÚMERO DE CHAMADA
Nº classificação 331.45
Cutter S255
245 00 - TÍTULO PRINCIPAL
Título principal Saúde e segurança do trabalho :
Subtítulo curso prático /
Indicação de responsabilidade organizadores Ilan Fonseca de Souza, Lidiane de Araújo Barros, Vitor Araújo Filgueiras ; [autores: Airton Marinho da Silva ... et al.].
260 ## - PUBLICAÇÃO, DISTRIBUIÇÃO, ETC.
Local de publicação Brasília :
Editora ESMPU,
Data 2017.
300 ## - DESCRIÇÃO FÍSICA
N. páginas ou volumes 358 p. :
Ilustrações il. ;
Dimensões 23 cm
504 ## - NOTA DE BIBLIOGRAFIA, ETC.
Nota de bibliografia inclui bibliografia.
650 ## - ASSUNTO TÓPICO
Cabeçalho tópico ou nome geográfico Segurança do trabalho
Subdivisão geográfica Brasil
650 ## - ASSUNTO TÓPICO
Cabeçalho tópico ou nome geográfico Medicina do trabalho
Subdivisão geográfica Brasil
650 ## - ASSUNTO TÓPICO
Cabeçalho tópico ou nome geográfico Acidentes de trabalho
650 ## - ASSUNTO TÓPICO
Cabeçalho tópico ou nome geográfico Higiene do trabalho
700 ## - ENTRADA SECUNDÁRIA -- NOME PESSOAL
Nome pessoal Souza, Ilan Fonseca
Cód. do termo explicativo org.
700 ## - ENTRADA SECUNDÁRIA -- NOME PESSOAL
Nome pessoal Barros, Lidiane de Araújo
Cód. do termo explicativo org.
700 ## - ENTRADA SECUNDÁRIA -- NOME PESSOAL
Nome pessoal Filgueiras, Vitor Araújo
Cód. do termo explicativo org.
700 ## - ENTRADA SECUNDÁRIA -- NOME PESSOAL
Nome pessoal Silva, Airton Marinho da
Termo de relação et al.
-- autores
942 ## - ELEMENTOS DE ENTRADA ADICIONAIS (KOHA)
Fonte de classificação ou esquema de arquivamento Classificação Decimal Universal
Tipo de item do Koha Livros
Holdings
Estado: removido Estado: perdido Fonte de classificação ou esquema de arquivamento Estado: danificado Indisponível para empréstimo Localização permanente Localização atual Data de aquisição Total Checkouts Número de Chamada completo Código de barras Date last seen Número do exemplar Preço efetivo a partir de Tipo de item (Koha)
    Classificação Decimal Universal     Biblioteca da Escola Superior de Contas do TCE/MT Biblioteca da Escola Superior de Contas do TCE/MT 17/11/2023   331.45 S255 BIBTCEMT23110739 17/11/2023 Ex. 1 17/11/2023 Livros

Powered by Koha